Comedias escogidas de Juan Ruiz de Alarcón. (Record no. 164153)
[ view plain ]
| 000 -LEADER | |
|---|---|
| campo de control de longitud fija | 00782nam a22002055i 4500 |
| 001 - NÚMERO DE CONTROL | |
| campo de control | 164153 |
| 003 - IDENTIFICADOR DE NÚMERO DE CONTROL | |
| campo de control | ES-MaACL |
| 005 - FECHA Y HORA DE LA ÚLTIMA TRANSACCIÓN | |
| campo de control | 20230906212900.0 |
| 008 - DATOS DE LONGITUD FIJA--INFORMACIÓN GENERAL | |
| campo de control de longitud fija | 950206m18861887sp |||| | spa d |
| 040 ## - FUENTE DE CATALOGACIÓN | |
| Centro catalogador/agencia de origen | CARM |
| Lengua de catalogación | spa |
| 100 0# - ENTRADA PRINCIPAL--NOMBRE DE PERSONA | |
| Nombre de persona | Ruiz de Alarcón y Mendoza, Juan. |
| 9 (RLIN) | 100719 |
| 245 10 - MENCIÓN DEL TÍTULO | |
| Título | Comedias escogidas de Juan Ruiz de Alarcón. |
| 260 ## - PUBLICACIÓN, DISTRIBUCIÓN, ETC. | |
| Lugar de publicación, distribución, etc. | Barcelona : |
| Nombre del editor, distribuidor, etc. | Daniel Cortezo y Cª, |
| Fecha de publicación, distribución, etc. | 1886-1887. |
| 300 ## - DESCRIPCIÓN FÍSICA | |
| Extensión | 2 v.(290 ; 274 p.) ; |
| Dimensiones | 20 cm. |
| 490 1# - MENCIÓN DE SERIE | |
| Mención de serie | Biblioteca Clásica Española |
| 505 8# - NOTA DE CONTENIDO CON FORMATO | |
| Nota de contenido con formato | Contiene: T. I. Los favores del mundo ; Mudarse por mejorarse ; La verdad sospechosa - T. II. Ganar amigos ; Examen de maridos ; Los pechos privilegiados |
| 830 0# - PUNTO DE ACCESO ADICIONAL DE SERIE-TÍTULO UNIFORME | |
| Título uniforme | Biblioteca Clásica Española |
| 9 (RLIN) | 182443 |
| 852 ## - LOCALIZACIÓN | |
| Ubicación | ES-MaACL |
| Número de control de estantería | B-741-42 |
| Nota libre | -- Enc. tela |
| Estatus retirado | Estado de pérdida | Estado de daño | No para préstamo | Colección | Biblioteca de origen | Biblioteca actual | Ubicación en estantería | Fecha de adquisición | Total de préstamos | Signatura topográfica completa | Código de barras | Visto por última vez | Precio de reemplazo | Tipo de ítem Koha |
|---|---|---|---|---|---|---|---|---|---|---|---|---|---|---|
| Libros del s. XIX | Biblioteca del Ateneo de Madrid | Biblioteca del Ateneo de Madrid | Sala Pardo Bazán | 17/01/2008 | B-741-42 | 1172044 | 23/02/2023 | 23/02/2023 | Libro impreso antiguo |
